Detalles MARC
| 000 -LEADER |
| campo de control de longitud fija |
02075cam a22004334i 4500 |
| 003 - IDENTIFICADOR DE NÚMERO DE CONTROL |
| campo de control |
PE-LiUPU |
| 005 - FECHA Y HORA DE LA ÚLTIMA TRANSACCIÓN |
| campo de control |
20250731183435.0 |
| 008 - DATOS DE LONGITUD FIJA--INFORMACIÓN GENERAL |
| campo de control de longitud fija |
150706s r 000 0 d |
| 020 ## - NÚMERO INTERNACIONAL ESTÁNDAR DEL LIBRO |
| Número Internacional Estándar del Libro |
9788496969025 |
| 035 ## - NÚMERO DE CONTROL DEL SISTEMA |
| Número de control de sistema |
(Sirsi) i9788496969025 |
| 040 ## - FUENTE DE CATALOGACIÓN |
| Centro catalogador/agencia de origen |
PE-LiUPU |
| Lengua de catalogación |
spa |
| Centro/agencia transcriptor |
PE-LiUPU |
| Normas de descripción |
rda |
| 049 ## - FONDOS LOCALES (OCLC) |
| Biblioteca depositaria |
PRUA |
| 082 04 - NÚMERO DE LA CLASIFICACIÓN DECIMAL DEWEY |
| Número de clasificación |
720.22 |
| Cutter |
O84 |
| Número de edición |
21 |
| 100 1# - ENTRADA PRINCIPAL--NOMBRE DE PERSONA |
| Nombre de persona |
Oswald, Ansgar, |
| Fechas asociadas al nombre |
1960- , |
| Término indicativo de función/relación |
autor. |
| 245 10 - MENCIÓN DEL TÍTULO |
| Título |
Maquetas de arquitectura / |
| Mención de responsabilidad, etc. |
Ansgar Oswald ; editor Uta Keil ; traducción de Diana Arias. |
| 264 #1 - PRODUCCIÓN, PUBLICACIÓN, DISTRIBUCIÓN, FABRICACIÓN Y COPYRIGHT |
| Producción, publicación, distribución, fabricación y copyright |
Barcelona : |
| Nombre del de productor, editor, distribuidor, fabricante |
Links Internacional, |
| Fecha de producción, publicación, distribución, fabricación o copyright |
2008 . |
| 300 ## - DESCRIPCIÓN FÍSICA |
| Extensión |
247 páginas : |
| Otras características físicas |
bilustraciones ; |
| Dimensiones |
29 cm. |
| 336 ## - TIPO DE CONTENIDO |
| Término de tipo de contenido |
text |
| Fuente |
rdacontent |
| 337 ## - TIPO DE MEDIO |
| Nombre/término del tipo de medio |
unmediated |
| Fuente |
rdamedia |
| 338 ## - TIPO DE SOPORTE |
| Nombre/término del tipo de soporte |
volume |
| Fuente |
rdacarrier |
| 500 ## - NOTA GENERAL |
| Nota general |
Traducción de: Architectural models. |
| 505 0# - NOTA DE CONTENIDO CON FORMATO |
| Nota de contenido con formato |
Estructura original la naturaleza de las maquetas arquitectónicas -- Proyectos -- Tilman Burgert -- Dieter Collen -- Robert endres -- Stephan Fleig and Andreas Fofana -- Bernd Grimm -- Frieder Grüne -- Rüdiger Hammerschmidt -- Wolfgang Hannemann -- Hauke helmer and Ulrich Mangold -- Siegi Jarnig -- Michael Kropt -- Burkhard Lüdtke -- Helmut M -- Lutsch -- Julia Missner and Lars Lämmeerhirt -- Christian Axel Monath and Klaus Menzel -- Gerhard Stocker -- Gerhard Vana -- Christian Werner. |
| 526 ## - NOTA DE INFORMACIÓN SOBRE EL PROGRAMA DE ESTUDIO |
| Nombre del programa |
Maestría Bim Facility Management (A distancia) |
| 526 ## - NOTA DE INFORMACIÓN SOBRE EL PROGRAMA DE ESTUDIO |
| Nombre del programa |
|
| 526 ## - NOTA DE INFORMACIÓN SOBRE EL PROGRAMA DE ESTUDIO |
| Nombre del programa |
Educación musical y artes |
| 526 ## - NOTA DE INFORMACIÓN SOBRE EL PROGRAMA DE ESTUDIO |
| Nombre del programa |
Educación, especialidad educación física |
| 526 ## - NOTA DE INFORMACIÓN SOBRE EL PROGRAMA DE ESTUDIO |
| Nombre del programa |
Arquitectura |
| 541 ## - NOTA DE FUENTE DE ADQUISICIÓN DIRECTA |
| -- |
004-000769; |
| 596 ## - |
| -- |
1 |
| 650 04 - PUNTO DE ACCESO ADICIONAL DE MATERIA--TÉRMINO DE MATERIA |
| Término de materia o nombre geográfico como elemento de entrada |
Maquetas (Arquitectura). |
| 650 04 - PUNTO DE ACCESO ADICIONAL DE MATERIA--TÉRMINO DE MATERIA |
| Término de materia o nombre geográfico como elemento de entrada |
Arquitectura moderna |
| Subdivisión cronológica |
Siglo XXI. |
| 700 1# - ENTRADA AGREGADA--NOMBRE PERSONAL |
| Nombre de persona |
Keil, Uta, |
| Término indicativo de función/relación |
ed. |
| 700 1# - ENTRADA AGREGADA--NOMBRE PERSONAL |
| Nombre de persona |
Arias, Diana, |
| Término indicativo de función/relación |
tr. |
| 910 ## - DATOS DE OPCIÓN DEL USUARIO (OCLC) |
| Datos de opción del usuario |
fsr |
| -- |
jv |
| -- |
jck |
| -- |
20130225 |
| 942 ## - ELEMENTOS DE ENTRADA SECUNDARIOS (KOHA) |
| Fuente del sistema de clasificación o colocación |
Clasificación Decimal Dewey |
| Tipo de ítem Koha |
|
| 949 ## - PROCESAMIENTO DE INFORMACIÓN LOCAL (OCLC) |
| a |
720.22 O84 |
| w |
DEWEY |
| c |
1 |
| i |
66300 |
| l |
CCODEBUL1 |
| m |
BUL |
| p |
36.00 |
| r |
0 |
| s |
Y |
| t |
BOOK |
| u |
2015-7-6 |
| x |
INGENIERIA |
| -- |
P06 |
| o |
.STAFF. Colección General |
| 994 ## - |
| -- |
C0 |
| -- |
PEPRU |
| 999 ## - NÚMEROS DE CONTROL DE SISTEMA (KOHA) |
| -- |
DEWEY |
| -- |
66300 |
| -- |
2022-5-4 |
| -- |
2021-11-9 |
| -- |
6 |
| -- |
CCODEBUL1 |
| -- |
BUL |
| -- |
14 |
| -- |
36.00 |
| -- |
2 |
| -- |
0 |
| -- |
Y |
| -- |
BOOK |
| -- |
2015-7-6 |
| -- |
INGENIERIA |
| -- |
P06 |
| -- |
COMPRA |
| -- |
.STAFF. Colección General |
| 980 ## - EQUIVALENCIA O REFERENCIA-CRUZADA-MENCIÓN DE SERIE--NOMBRE DE PERSONA/TÍTULO [LOCAL, CANADÁ] |
| ID del último usuario que modificó el registro |
1 |
| Nombre del último usuario que modificó el registro |
ALBERTO SANCHEZ Responsable de Automatización |